000 00448nam a2200169 4500
001 110280
003 ES-MaACL
005 20230906185021.0
007 t|
008 061121s1946 sp r ||||1| spa d
100 1 _aOcharán Aburto, Luis.
_986470
245 1 0 _aLaura
_b: novela /
_cLuis Ocharán Aburto.
250 _a3ª. ed.
260 _aMadrid :
_bAldus,
_c1946.
300 _aXIV 217 p. ;
_c20 cm.
852 _aES-MaACL
_jF-15411
_bR.23855
999 _c110280
_d110280